00396nam a2200133Ia 450000500170000000800410001708200130005810000140007124500790008526000520016430000190021665000150023565000120025020240628041138.0240331s9999 xx 000 0 und d a100bSET aSettar, S 0aPursuing death :bphilosophy and practice of voluntary termination of life aDharwadbInstitute of Indian Art History c1990 axxxi, 414 p ., aPhilosophy aHistory